LEADER 01054nam0-22003011i-450- 001 990001850450403321 005 20080218122950.0 035 $a000185045 035 $aFED01000185045 035 $a(Aleph)000185045FED01 035 $a000185045 100 $a20030910d1997----km-y0itay50------ba 101 0 $aita 200 1 $aStruttura e periodismo del popolamento a Porphyra leucosticta (Bangiales, Rhodophyta) in due stazioni della Sicilia orientale$fGiuseppina Alongi 210 $aCatania$c[s.e.]$d1997 215 $ap. 167-185$d30 cm 300 $aEstr. da: Bollettino Accademia Gioenia di Scienze Naturali, 30(353):167-185,1997 610 0 $aAlghe 610 0 $aSicilia 676 $a589.39 700 1$aAlongi,$bGiuseppina$0358168 801 0$aIT$bUNINA$gRICA$2UNIMARC 901 $aBK 912 $a990001850450403321 952 $a60 MISC. A 63/98-3$fFAGBC 959 $aFAGBC 996 $aStruttura e periodismo del popolamento a Porphyra leucosticta (Bangiales, Rhodophyta) in due stazioni della Sicilia orientale$9413446 997 $aUNINA LEADER 00815cam0-2200301---450- 001 990004787510403321 005 20090108114921.0 035 $a000478751 035 $aFED01000478751 035 $a(Aleph)000478751FED01 035 $a000478751 100 $a19990604d1954----km-y0itay50------ba 101 0 $aeng 102 $aUS 105 $a--------001yy 200 1 $aGreat essays$ewith an introduction and prefatory notes$fselected by Houston Peterson 210 $aNew York$cCardinal$d1953 215 $a442 p.$d17 cm 225 1 $aPocket books$v113 676 $a808.84 702 1$aPeterson,$bHouston 801 0$aIT$bUNINA$c20070215$gRICA$2UNIMARC 901 $aBK 912 $a990004787510403321 952 $a808.84 PET 1$fFLFBC 959 $aFLFBC 996 $aGreat essays$9561301 997 $aUNINA LEADER 00948nam0-22003131i-450 001 990004809800403321 005 20180207164653.0 035 $a000480980 100 $a19990604d1979----km-y0itay50------ba 101 0 $aita 102 $aIT 105 $ay-------001yy 200 1 $aTeoria del dialetto$edialetto e spazio, dialetto e tempo$ecorso di dialettologia italiana$eAnno Accademico 1978-79,$fCorrado Grassi, Tullio Telmon 210 $aTorino$cGiappichelli$d1979 215 $a112 p., [4] c. di tav.$d25 cm 610 0 $aDialetti italiani 676 $a417 676 $a457$v21 700 1$aGrassi,$bCorrado$f<1925- >$0164786 701 1$aTelmon,$bTullio$0174005 801 0$aIT$bUNINA$gRICA$2UNIMARC 901 $aBK 912 $a990004809800403321 952 $aSDI-XVIII C 12$bs.i.$fSDI 952 $a457 GRA 3$bIst.f.m.31468$fFLFBC 959 $aFLFBC 959 $aSDI 996 $aTeoria del dialetto$9518962 997 $aUNINA